<The> Micro Economy Today

Guardado en:
Detalles Bibliográficos
Autor principal: Schiller, Bradley R.
Formato: Libro
Lenguaje:inglés
Publicado: New York MacGraw-Hill 1991
Edición:5. ed.
Materias:
Etiquetas: Agregar Etiqueta
Sin Etiquetas, Sea el primero en etiquetar este registro!

MARC

LEADER 00000nam a2200000 4500
001 c009591
005 20221206114801.5
020 |a 0-07-056170-2 
041 0 |a eng 
044 |a US 
245 1 0 |a <The> Micro Economy Today  |c Bradley R. Schiller 
250 |a 5. ed. 
264 1 |a New York  |b MacGraw-Hill  |c 1991 
300 |a 591 s. 
610 2 0 |a mikroekonomika 
610 2 0 |a trh 
610 2 0 |a hospodárstvo svetové 
610 2 0 |a ekonómia 
100 1 |a Schiller, Bradley R.